000
00273nam a2200121Ia 4500
008
191201s2013 xx 000 0 und d
100
_a
KHARATE,GK
245
0
_a
Digital Electronics
260
_b
Oxford
_c
2013
300
_a
667
650
_a
B.Tech(ECE)
942
_2
ddc
_c
BK
_0
6
999
_c
7143
_d
7143